Bibliografía

Sparad:
Bibliografiska uppgifter
Materialtyp: Text
Ämnen:
Taggar: Lägg till en tagg
Inga taggar, Lägg till första taggen!

MARC

LEADER 00000 a a2200000 04500
001 16155
003
040
245 |a Bibliografía 
650 |a BIBLIOGRAFIA  
650 |a PLANIFICACION REGIONAL  
650 |a GOBIERNO LOCAL  
773 |g número 52; páginas 485-511  
999 |c 29262  |d 29262